The Albatross - Taylor Swift (All Lyrics) - Statistics

General Stats
  • This quiz has been taken 599 times
    582 since last reset
  • The average score is 205 of 247
Answer Stats
Lyrics % Correct
A
100%
a
100%
the
100%
The
100%
I
99%
albatross
98%
an
98%
he
98%
her
98%
is
98%
on
98%
to
98%
you
98%
You
98%
said
97%
She
97%
here
96%
me
96%
your
96%
destroy
95%
men
95%
once
95%
She's
95%
And
93%
in
93%
Wise
93%
They
92%
they
92%
when
92%
When
92%
You're
90%
you're
90%
I'm
89%
that
89%
about
88%
danger
88%
danger)
88%
heart
88%
it
88%
Cross
87%
cross
87%
Only
87%
terrible
87%
So
86%
tried
86%
warn
86%
like
85%
my
84%
"One
84%
one
84%
chose
83%
death
83%
know
82%
them
82%
by
81%
liquor
81%
all
80%
thoughtless
80%
believed
79%
devil
79%
this
79%
(This
79%
him
78%
bad
77%
are
76%
of
76%
kills
75%
wings
75%
angel
73%
any
73%
fake
73%
garden"
73%
less
73%
more
73%
news
73%
non
73%
parachute
73%
rose
73%
Spread
73%
too
73%
anoints
72%
life
72%
seed
72%
at
71%
candle"
71%
now
71%
other
71%
rescue
71%
name
70%
But
69%
from
69%
I'll
69%
read
69%
there
69%
scandal
68%
were
68%
Looks
67%
persona
67%
winds
67%
crossed
66%
dagger
66%
how
66%
I'd
66%
none
66%
couldn't
65%
matters
65%
up
65%
been
64%
dreams
64%
grata
64%
tell
64%
temptress,
64%
"Wild
64%
I've
63%
sharpen"
62%
sky
62%
swept
62%
visit
62%
bed
61%
Devils
59%
Raise
59%
rains
58%
hell
57%
stranger
57%
Shooting
56%
sleeping
55%
their
55%
Locked
54%
than
54%
fire
53%
towers
53%
dragged
52%
messengers
52%
conceive
50%
soundly
49%
stood
48%
raised
45%
worse
45%
Cautions
44%
hackles
43%
issued,
41%
Jackals
41%
No matching quizzes found
Score Distribution
Percent of People with Each Score
Percentile by Number Answered
Your Score History
You have not taken this quiz since the last reset